00569nam a2200157 a 450000100100000000500170001000800410002704000250006810000370009324500900013026000390022030000210025904900090028095201050028999900170039400003418720200930070841.0110927s1935 fr 000 0 spa d aDO-SdBNPbspacBNPHU1 aBurke, William P.,d1880-95961710a"Señor Burky" :bthe adventurous life-story of William P. Burke /cBurke William P. aLondon :bGeorge G. Harrap,c1935. a370 p. ;c23 cm. aBNPD 001050718RVaGRbGRcCTd2011-09-27iLF1l0o p34187-10r2020-06-25w2020-06-25y1ZNo se presta c33678d33678